Modrý koberec O mluvícím kameni ; O dědečkovi s bílým vousem /

Hlavní autor: Kocourek, Vítězslav, 1920-1995
Další autoři: Kosová, Ludmila, Merunková, Růžena, 1940-, Hlavica, Miloš, 1933-2015, Hlavica, Lukáš, 1965-
Jazyk: Čeština
Vydáno: Praha : Pražská vydavatelská společnost, 2005
Edice: Království pohádek
Témata:
Fyzický popis: 1 zvuková deska (46:37); 12 cm
Zvukové nahrávky
Uloženo v:
LEADER 01721nim a2200433 a 4500
001 000812369
003 CZ BrMZK
005 20180219093026.0
007 sd fsngnnmmned
008 060323s2006 xr || g cze d
040 |a BOA001  |b cze 
041 0 |a cze 
072 7 |a 821-93  |x Literatura pro děti a mládež (beletrie)  |2 Konspekt  |9 26 
072 7 |a 821.162.3-3  |x Česká próza  |2 Konspekt  |9 25 
080 |a 821.162.3-34  |2 MRF 
080 |a (0:82-34)  |2 MRF 
080 |a (086.7.053.2)  |2 MRF 
080 |a (086.76)  |2 MRF 
100 1 |a Kocourek, Vítězslav,  |d 1920-1995  |7 jk01060985  |4 aut 
245 1 0 |a Modrý koberec  |h [zvukový záznam] ;  |b O mluvícím kameni ; O dědečkovi s bílým vousem /  |c Vítězslav Kocourek 
260 |a Praha :  |b Pražská vydavatelská společnost,  |c 2005 
300 |a 1 zvuková deska (46:37);  |c 12 cm 
306 |a 004637 
490 1 |a Království pohádek ;  |v 107 
500 |a Příloha k čas.: Království pohádek 2006/107 
508 |a Režie Ludmila Kosová 
511 1 |a Hrají: Růžena Merunková, Miloš Hlavica, Lukáš Hlavica a další 
655 7 |a české pohádky  |7 fd133970  |2 czenas 
655 7 |a zvukové záznamy pro děti a mládež  |7 fd186726  |2 czenas 
655 7 |a kompaktní desky  |7 fd201991  |2 czenas 
700 1 |a Kosová, Ludmila  |7 pna2007383939  |4 drt 
700 1 |a Merunková, Růžena,  |d 1940-  |7 jn19990209540  |4 prf 
700 1 |a Hlavica, Miloš,  |d 1933-2015  |7 jn20000400958  |4 prf 
700 1 |a Hlavica, Lukáš,  |d 1965-  |7 js20051017086  |4 prf 
830 0 |a Království pohádek 
910 |a BOA001  |b CDA-1167.561 
990 |a AV 
991 |b 200604 
996 6 |b 2610277833  |c CDA-1167.561  |l MZK  |r Sklad / do 24 hodin  |n 0  |p p.v.  |w 000812369  |u 000010  |a 1  |e BOA001  |j MZK50  |s P